<?xml version="1.0" encoding="UTF-8"?>
<record
    xmlns:xsi="http://www.w3.org/2001/XMLSchema-instance"
    xsi:schemaLocation="http://www.loc.gov/MARC21/slim http://www.loc.gov/standards/marcxml/schema/MARC21slim.xsd"
    xmlns="http://www.loc.gov/MARC21/slim">

  <leader>00784nam a2200217Ia 4500</leader>
  <controlfield tag="003">IN-BaIIA</controlfield>
  <controlfield tag="008">211028s9999    xx      s     000 0 eng d</controlfield>
  <datafield tag="020" ind1=" " ind2=" ">
    <subfield code="a">978-3-658-01133-8 (Print)</subfield>
  </datafield>
  <datafield tag="020" ind1=" " ind2=" ">
    <subfield code="a">978-3-658-01134-5 (Online)</subfield>
  </datafield>
  <datafield tag="040" ind1=" " ind2=" ">
    <subfield code="c">IIA Library</subfield>
  </datafield>
  <datafield tag="100" ind1=" " ind2=" ">
    <subfield code="a">Schultz, Gerrit </subfield>
    <subfield code="9">39057</subfield>
  </datafield>
  <datafield tag="245" ind1=" " ind2="0">
    <subfield code="a">Magnetic Resonance Imaging with Nonlinear Gradient Fields</subfield>
    <subfield code="h">[eBook]</subfield>
  </datafield>
  <datafield tag="260" ind1=" " ind2=" ">
    <subfield code="a">Wiesbaden, Germany</subfield>
    <subfield code="b">Springer Fachmedien Wiesbaden</subfield>
    <subfield code="c">2013</subfield>
  </datafield>
  <datafield tag="300" ind1=" " ind2=" ">
    <subfield code="a">Online resource</subfield>
  </datafield>
  <datafield tag="650" ind1=" " ind2=" ">
    <subfield code="a"> Diagnostic Radiology</subfield>
    <subfield code="9">38595</subfield>
  </datafield>
  <datafield tag="650" ind1=" " ind2=" ">
    <subfield code="a"> Electronics and Microelectronics, Instrumentation</subfield>
    <subfield code="9">38587</subfield>
  </datafield>
  <datafield tag="650" ind1=" " ind2=" ">
    <subfield code="a"> Measurement Science and Instrumentation</subfield>
    <subfield code="9">36561</subfield>
  </datafield>
  <datafield tag="650" ind1=" " ind2=" ">
    <subfield code="a">Physics</subfield>
    <subfield code="9">73</subfield>
  </datafield>
  <datafield tag="856" ind1=" " ind2=" ">
    <subfield code="u">http://doi.org/10.1007/978-3-658-01134-5</subfield>
    <subfield code="y">Click Here to Access eBook</subfield>
  </datafield>
  <datafield tag="942" ind1=" " ind2=" ">
    <subfield code="c">EB</subfield>
  </datafield>
  <datafield tag="999" ind1=" " ind2=" ">
    <subfield code="c">21070</subfield>
    <subfield code="d">21070</subfield>
  </datafield>
  <datafield tag="952" ind1=" " ind2=" ">
    <subfield code="0">0</subfield>
    <subfield code="1">0</subfield>
    <subfield code="4">0</subfield>
    <subfield code="7">0</subfield>
    <subfield code="a">BAN</subfield>
    <subfield code="b">BAN</subfield>
    <subfield code="d">2013-01-01</subfield>
    <subfield code="e">Springer</subfield>
    <subfield code="l">0</subfield>
    <subfield code="p">EB530</subfield>
    <subfield code="r">2021-11-05</subfield>
    <subfield code="u">http://doi.org/10.1007/978-3-658-01134-5</subfield>
    <subfield code="w">2021-11-05</subfield>
    <subfield code="y">EB</subfield>
  </datafield>
</record>
